000
00281nam a2200109Ia 4500
008
200302s9999 xx 000 0 und d
100
_a
Sam Kubba
245
_a
Leed Practices, Certification and Accreditation Handbook
260
_b
Elsevier Inc.
260
_c
2010
300
_a
500 P.,
999
_c
2807
_d
2807